000 00482nam a22001817a 4500
003 OSt
005 20140310182204.0
008 130903t xxu||||| |||| 00| 0 eng d
050 _aBS 2673
_b.G786 1967
082 _aHS 220.52
_bB47 1967
245 _aThe greatest is Aloha /
260 _aSouth Holland, III :
_bThe world home bible league,
_cc1967.
300 _a397 p .:
_bill, ;
_c20 cm.
562 _e1
650 _aBible
_xVersions
942 _2lcc
_cBK
999 _c10284
_d10284